Drogas y toxicomanías

Saved in:
書目詳細資料
主要作者: San Juan, Mario Alfonso
其他作者: Ibáñez López, Pilar
格式: 圖書
語言:西班牙语
出版: Madrid, España CEPE 1979
叢編:Colección Educación Especial. 14
主題:
標簽: 添加標簽
沒有標簽, 成為第一個標記此記錄!

MARC

LEADER 00000nam a2200000 a 4500
001 UCW3440
003 CL-VaPUC
005 20210827074639.0
008 880905e19790000SP |||||||||||||||||spa|d
999 |c 217435  |d 217433 
040 |c Pontificia Universidad Católica de Valparaíso 
082 0 4 |a 616.86 SAN 1979  |2 21 
100 0 |a San Juan, Mario Alfonso  |9 307598 
245 1 0 |a Drogas y toxicomanías 
260 0 3 |a Madrid, España  |b CEPE  |c 1979 
300 |a 174 páginas 
490 0 |a Colección Educación Especial.  |v 14 
583 |a last modification  |c 19880905 00:00:00  |k Rodrigo Vera 
650 7 |a TOXICOMANIA  |2 CL-VaPUC  |9 307600 
650 0 |a Drogas  |9 254877 
650 0 |a Abuso de drogas  |9 254876 
650 7 |a DROGAS ALUCINOGENAS  |2 CL-VaPUC  |9 307601 
650 7 |a NARCOTICOS  |2 CL-VaPUC  |9 307602 
700 |a Ibáñez López, Pilar  |9 414847 
942 |c BK  |2 ddc 
945 |d 19880905 00:00:00 
952 |0 0  |1 0  |2 ddc  |4 0  |6 616_860000000000000_SAN_1979  |7 0  |8 P  |9 204980  |a BIBEDU  |b BIBEDU  |c BIBEDU_PB  |d 2019-11-15  |i 2729180  |o 616.86 SAN 1979  |p 2729180  |r 2019-11-15  |t 1  |w 2019-11-15  |y BK  |k EDU 
952 |0 0  |1 0  |2 ddc  |4 0  |6 616_860000000000000_SAN_1979  |7 0  |8 P  |9 204981  |a BIBEDU  |b BIBEDU  |c BIBEDU_PB  |d 2019-11-15  |i 1561324  |o 616.86 SAN 1979  |p 1561324  |r 2019-11-15  |t 2  |w 2019-11-15  |y BK  |k EDU